000
00325nam a2200133Ia 4500
008
190216s9999||||xx |||||||||||||| ||und||
100
_a
Chandrashekhar Vekhande
245
0
_a
Modern Inorganic Chemistry
250
_a
1st Ed.
260
_b
Orient Longman
_c
1975
300
_a
630
650
_a
Chemistry-Chemistry
942
_c
BK
999
_c
2064
_d
2064